| 000 | 00611nam a2200241Ia 4500 | ||
|---|---|---|---|
| 008 | 171120s9999 xx 000 0 und d | ||
| 020 | _a9.7897127213e+012 | ||
| 050 | _a801 | ||
| 050 | _bO151 2008 | ||
| 100 | _aOcampo, Ambeth R. | ||
| 245 | _aMakamisa : | ||
| 245 | _bthe search for Rizal's third novel / | ||
| 245 | _cby Ambeth R. Ocampo. | ||
| 260 | _aPhilippines : | ||
| 260 | _bAnvil, | ||
| 260 | _c2008 | ||
| 300 | _a152 pages : | ||
| 300 | _billustrations ; | ||
| 300 | _c22cm. | ||
| 650 | _aRizal, Jose, -- 1861-1896 -- | ||
| 650 | _xCriticism and interpretation. | ||
| 700 | _aTitle. | ||
| 999 |
_c345314 _d345314 |
||